Competitive manufacturing management : (Record no. 18425)

000 -LEADER
fixed length control field 00785cam a2200217 a 4500
020 ## - INTERNATIONAL STANDARD BOOK NUMBER
ISBN 0256217270 (alk. paper)
040 ## - CATALOGING SOURCE
Transcribing agency DLC
082 00 - DEWEY DECIMAL CLASSIFICATION NUMBER
Classification number 658 LIW 1998 C145 Or.
100 1# - MAIN ENTRY--AUTHOR NAME
Personal name Nicholas, John M.,
245 10 - TITLE STATEMENT
Title Competitive manufacturing management :
Remainder of title continuous improvement, lean production, customer-focused quality /
260 ## - PUBLICATION, DISTRIBUTION, ETC. (IMPRINT)
Place of publication Boston :
Name of publisher Irwin/McGraw-Hill,
Year of publication c1998.
300 ## - PHYSICAL DESCRIPTION
Number of Pages xxiii, 840 p. :
Other physical details ill. ;
Dimensions 24 cm.
650 #0 - SUBJECT ADDED ENTRY--TOPICAL TERM
Topical Term Production management.
650 #0 - SUBJECT ADDED ENTRY--TOPICAL TERM
Topical Term Lean manufacturing.
650 #0 - SUBJECT ADDED ENTRY--TOPICAL TERM
Topical Term Costs, Industrial.
650 #0 - SUBJECT ADDED ENTRY--TOPICAL TERM
Topical Term Quality control.
856 42 - ELECTRONIC LOCATION AND ACCESS
Uniform Resource Identifier http://www.loc.gov/catdir/bios/mh042/97027344.html
856 42 - ELECTRONIC LOCATION AND ACCESS
Uniform Resource Identifier http://www.loc.gov/catdir/description/mh023/97027344.html
856 41 - ELECTRONIC LOCATION AND ACCESS
Uniform Resource Identifier http://www.loc.gov/catdir/toc/mh022/97027344.html
942 ## - ADDED ENTRY ELEMENTS (KOHA)
Koha item type ADB
952 ## - LOCATION AND ITEM INFORMATION (KOHA)
Withdrawn status [LOCAL, KOHA] 0
Holdings
Source of acquisition Permanent Location Date acquired Koha item type Lost status Shelving location Current Location Full call number
A37059Library Block C2019-11-28ADB C145Library Block C658 LIW 1998 C145 Or.
មជ្ឈមណ្ឌលឯការនៃសាកលវិទ្យាល័យភូមិន្ទកសិកម្មចំការដូង

Powered by Koha